00772nam a22002057a 4500003000900000008004100009040007100050082001500121100002100136245003300157260003500190300002900225440003000254440003000284505016400314650001300478650001600491650002400507700003500531AR-CdUCM190325b ||||| |||| 00| 0 spa d aMUNICIPALIDAD PROVINCIAL DEL CUSCOcBIBLIOTECA MUNICIPAL DEL CUSCO a109 /bD95 aDray, William H. aFilosofía de la historia / aMéxico, D.F :bUTEHA,c1965. aX, 200 páginasc17 cm. aManuales Uteha.n285/285a aFilosofía sección.n7 aContenido: Crítica y especulaciones -- Objetividad histórica -- Juicio causal en la historia -- Filosofía de la historia -- Un método metafísico ...  aHistoria aFilosofía aMétodo empírico aBrown, Molly K. (traducción)